Czy rozpoznasz modele Opla? - Statystyki

Ogólne statystyki
  • Ten quiz został rozwiązany 278 razy
  • Średni wynik to 18 z 48
Statystyki odpowiedzi
Obrazkowy Odpowiedź % Poprawnych
Corsa C
81%
Astra F
72%
Vectra C
71%
Astra G
68%
Vectra B
67%
Corsa B
61%
Zafira A
59%
Astra H
58%
Astra J
56%
Tigra I
55%
Omega B
54%
Corsa D
53%
Adam
51%
Astra K
50%
Corsa E
50%
Insignia B
49%
Insignia A
48%
Meriva A
48%
Zafira B
45%
Corsa A
42%
Combo C
41%
Movano B
41%
Calibra
40%
Vivaro I
40%
Combo B
38%
Frontera A
36%
Vectra A
36%
Zafira Tourer
35%
Combo D
32%
Crossland X
32%
Meriva B
32%
Frontera B
30%
Kadett E
27%
Omega A
27%
Omega B FL
25%
Kadett D
21%
Vivaro II
20%
Grandland X
18%
Kadett C
18%
Antara
17%
Kadett A
17%
Kadett B
16%
Karl
13%
Manta A
12%
Speedster
11%
Manta B
7%
Omega 3000
7%
GTC
4%
Nie znaleziono quizów pasujących do podanych kryteriów
Rozkład punktacji
Procent ludzi z każdym wynikiem
Percentyl według liczby udzielonych odpowiedzi
Twoja historia wyników
Nie rozwiązałeś tego quizu